000 00451nam a2200169Ia 4500
008 230917s9999||||xx |||||||||||||| ||und||
020 _cRS500
040 _e228625
_aMAIN
041 _aEnglish
082 _a791.430954 G239B
100 _aGautam, Dayanand
245 0 _aBharatiya cinema aur nari
260 _aNew Delhi
_bNavbharat Prakashan
_c2015
300 _a288 p.
500 _a2143 07/10/2015 SP15/5953 17/11/2015 Main Budget
942 _cBK
999 _c16240
_d16240